The Legend Of Zelda: A Link Between Worlds Items And Equipment - Statistics

General Stats
  • This quiz has been taken 40 times
  • The average score is 59 of 86
Answer Stats
Type Item % Correct
Inventory Bow
95%
Inventory Bow Of Light
95%
Equipment Forgotten Sword
95%
Inventory Nice Bow
95%
Inventory Rented Bow
95%
Inventory Bombs
91%
Inventory Boomerang
91%
Inventory Fire Rod
91%
Inventory Hookshot
91%
Inventory Ice Rod
91%
Inventory Nice Bombs
91%
Inventory Nice Boomerang
91%
Inventory Nice Fire Rod
91%
Inventory Nice Hookshot
91%
Inventory Nice Ice Rod
91%
Inventory Nice Sand Rod
91%
Inventory Rented Bombs
91%
Inventory Rented Boomerang
91%
Inventory Rented Fire Rod
91%
Inventory Rented Hookshot
91%
Inventory Rented Ice Rod
91%
Inventory Rented Sand Rod
91%
Inventory Sand Rod
91%
Equipment Master Sword
86%
Equipment Master Sword Lv2
86%
Equipment Master Sword Lv3
86%
Bottle Empty Bottle
82%
Bottle Fairy
82%
Inventory Hammer
82%
Inventory Nice Hammer
82%
Inventory Rented Hammer
82%
Bottle Bee
77%
Equipment Blue Mail
77%
Bottle Blue Potion
77%
Bottle Golden Bee
77%
Equipment Green Tunic
77%
Inventory Net
77%
Bottle Purple Potion
77%
Equipment Red Mail
77%
Bottle Red Potion
77%
Inventory Super Net
77%
Bottle Yellow Potion
77%
Monster Spoil Monster Guts
73%
Monster Spoil Monster Horn
73%
Inventory Nice Tornado Rod
73%
Bottle Premium Milk
73%
Inventory Rented Tornado Rod
73%
Inventory Tornado Rod
73%
Bottle Milk
68%
Monster Spoil Monster Tail
68%
Equipment Shield
68%
Other Lost Maiamai
59%
Equipment Master Ore
59%
Equipment Power Glove
59%
Inventory Hint Glasses
55%
Equipment Hylian Shield
55%
Inventory Lamp
55%
Equipment Pegasus Boots
55%
Quest Pendant Of Courage
55%
Quest Pendant Of Power
55%
Quest Pendant Of Wisdom
55%
Inventory Super Lamp
55%
Dungeon Big Key
50%
Dungeon Compass
50%
Equipment Ravio's Bracelet
50%
Quest Sage Gulley
50%
Quest Sage Impa
50%
Quest Sage Irene
50%
Dungeon Small Key
50%
Bottle Heart
45%
Quest Sage Oren
45%
Quest Sage Rosso
45%
Quest Sage Seres
45%
Equipment Titan's Mitt
45%
Bottle Letter In A Bottle
41%
Quest Sage Osfala
41%
Equipment Stamina Scroll
41%
Other Bell
36%
Inventory Scoot Fruit
36%
Equipment Zora's Flippers
36%
Bottle Apple
32%
Equipment Bee Badge
32%
Inventory Foul Fruit
32%
Bottle Green Apple
32%
Other Smooth Gem
32%
Equipment Pouch
27%
No matching quizzes found
Score Distribution
Percent of People with Each Score
Percentile by Number Answered
Your Score History
You have not taken this quiz